1947 1588 1900 1303 1538 1619 1576 1866 1569 1746 1965 1767 1843 1335 1267 1467 1360 1517 1863 1846 1820 1304 1168 1901 1425 1231 1433 1116 1867 1679 1859 1347 1201 1479 1685 1465 1790 1900 1940 1695 1447 1755 1924 1155 1323 1924 1981 1401 1135 1246 1205 1323 1481 1952 1023 1785 1572 1350 1411 1284 1340 1916 1478 1502 1197 1433 1459 1396 1980 1361 1995 1473 1686 1060 1328 1831 1552 1989 1063 1644 1238 1663 1833 1638 1407 1815 1145 1968 1111 1928 1373 1107 1504 1956 1586 1828 1676 1523 1549 BCNSPRNW ULIB Ver.6.0+V

เปลี่ยนเป็นภาษาไทย

Change to English
 แสดงรายละเอียดบรรณานุกรม
  กลับหน้าหลัก

Brief Record : Get Marc (ISO 2709) : E-mail record : QR code < ปิดหน้าต่าง
LEADER : 00000nam 2200000uu 4500
001    13399127741
003     ULIB
008    210518s2557||||th 000 0 tha d
020    ู^a9786162998997
050    ^aนว^bซ119ม^cล.1
100    ^aซ็อลบง
245    ^aมหากาพย์เทพมรณะ เล่ม 1
250    ^aพิมพ์ครั้งที่ 1
260    ^aกรุงเทพฯ :^bสยามอินเตอร์บุ๊คส์,^c2557
300    ^a240 หน้า;^b21 ซม.
650    ^aนวนิยาย
945    ^p200^l0^i008052
999    ^aประนอม เกษจรัล
รายการนี้ยังไม่มีแท็ก
คุณยังไม่ได้ล็อกอิน คุณสามารถมีกิจกรรมร่วมกับเว็บไซต์ได้ แต่ต้องล็อกอินก่อน ::
  ล็อกอิน

รายการสื่อสารสนเทศ

ลำดับที่ ประเภท เลขเรียก/บาร์โค้ด สถานที่ สถานะ
1. นวนิยาย
นวนิยาย
นว ซ119ม ล.1 ฉ.1 
  Barcode: 008052
ห้องสมุดวิทยาเขตนครสวรรค์
►นวนิยาย:l:Fiction
บนชั้น

รายการใกล้เคียง
    ชื่อเรื่อง [มหากาพย์เทพมรณะ เล่ม 1]

    ผู้แต่ง [ซ็อลบง]

    หัวเรื่อง [นวนิยาย]

BibComment


ยังไม่เคยถูกคอมเมนท์

คอมเมนท์ทรัพยากรรายการนี้
  คอมเมนท์: มหากาพย์เทพมรณะ ..


 Copyright 2026. Bcnsprnw @Library